1720 1051 1170 1263 1787 1046 1721 1581 1050 1823 1801 1961 1517 1532 1357 1925 1697 1338 1581 1386 1025 1783 1738 1638 1568 1786 1691 1569 1801 1814 1211 1235 1715 1776 1174 1664 1594 1946 1810 1120 1045 1747 1652 1945 1417 1611 1498 1536 1419 1508 1473 1794 1618 1399 1323 1805 1425 1104 1868 1530 1809 1913 1988 1518 1761 1000 1198 1300 1533 1244 1218 1224 1601 1720 1379 1753 1391 1493 1114 1786 1037 1108 1580 1053 1108 1970 1347 1970 1524 1417 1940 1089 1836 1711 1593 1826 1282 1867 1343 BCNSPRNW ULIB Ver.6.0+V

เปลี่ยนเป็นภาษาไทย

Change to English
 แสดงรายละเอียดบรรณานุกรม
  กลับหน้าหลัก

Brief Record : Get Marc (ISO 2709) : E-mail record : QR code < ปิดหน้าต่าง
LEADER : 00000nam 2200000uu 4500
001    13399111875
003     ULIB
008    110711s2551||||th 000 0 tha d
050 04 DS589N4^bน125ร 2551
245 00 รายงานแสดงผลการปฏิบัติงานของ องค์การบริหารส่วนจังหวัดนครสวรรค์ประจำปี 2548-ปี 2550(รวมผลงาน)/^cคณะบริหารจังหวัดนครสวรรค์
260    นครสวรรค์ :^bคณะบริหารจังหวัดนครสวรรค์,^c2551
300    120 หน้า ;^c30 ซม
650  7 นครสวรรค์^xสถิติ
650  7 องค์การบริหารส่วนจังหวัดนครสวรรค์
945    ^p0^l0^i023580
995    ทศพร
999 ^a ใช้งานได้ทุกระบบ
รายการนี้ยังไม่มีแท็ก
คุณยังไม่ได้ล็อกอิน คุณสามารถมีกิจกรรมร่วมกับเว็บไซต์ได้ แต่ต้องล็อกอินก่อน ::
  ล็อกอิน

รายการสื่อสารสนเทศ

ลำดับที่ ประเภท เลขเรียก/บาร์โค้ด สถานที่ สถานะ
- ไม่พบข้อมูล -

BibComment


ยังไม่เคยถูกคอมเมนท์

คอมเมนท์ทรัพยากรรายการนี้
  คอมเมนท์: รายงานแสดงผลการปฏ..


 Copyright 2026. Bcnsprnw @Library